| 000 | 00510nam a2200181Ia 4500 | ||
|---|---|---|---|
| 001 | 3455 | ||
| 005 | 20260306145645.0 | ||
| 008 | 260306t1998||||xx |||||||||||||| ||spa|| | ||
| 041 | _aESP | ||
| 082 |
_a279 _bLL758 T. 4 |
||
| 100 |
_aGarcía-Villoslada, Ricardo _eAUT |
||
| 245 | 0 |
_aHistoria de la Iglesia Católica: _bEdad Moderna. La época del absolutismo monárquico (1648-1814) |
|
| 260 | _c1998 | ||
| 300 |
_axii, 654 páginas : _c20 cm. |
||
| 650 | _aGEN | ||
| 654 | _aCHU | ||
| 942 |
_cLIB _dJUS _fJUS _2ddc _n |
||
| 999 |
_c3455 _d3455 |
||